• 首页
  • 本馆介绍
  • 公告通知
  • 最新文献
  • 馆藏检索
  • 电子资源
  • 读者导购
  • 参考咨询
  • 我的图书馆
  • 登录
  • 详细信息显示
  • 放入我的书架
  • 预约/预借图书
  • 作者相关作品
  • 分类相关作品
  • 丛书相关作品
  • 出版社相关作品

书目信息

  • 表格格式
  • 工作单格式
  • 卡片格式
题名:
实用最新外来语词典
    
 
作者: 富永道夫
分册:  
出版信息: 东京   株式会社 千曲秀出版社  昭和52年9月1日
页数: 529页
开本: 13cm
丛书名:
单 册:
中图分类: H366
科图分类:
主题词: 日语--词典
电子资源:
ISBN:
000 00543nam0 2200193 45
001 0504211480
005 20050425160549.9
010    @dCNY
100    @a20050421d昭和 km y0chiy0120 ea
101 0  @achi
105    @a z 000yy
200 1  @a实用最新外来语词典@AShi Yong Zui Xin Wai Lai Yu Ci Dian@f[日]富永道夫@F[Ri]Fu Yong Dao Fu
210    @a东京@c株式会社 千曲秀出版社@d昭和52年9月1日
215    @a529页@d13cm
606 0  @a日语@x词典
690    @aH366@v3
701  0 @a富永道夫
801    @aCN@bTSTCL@c20050421
905    @f1@b47996@dH366@e117
    
    实用最新外来语词典/[日]富永道夫.-东京:株式会社 千曲秀出版社,昭和52年9月1日
    529页;13cm
    
    
    ISBN :CNY
    
●
相关链接 在E读中查询图书 在五车中查询图书 在当当中查询图书 在豆瓣中查询图书


正题名:实用最新外来语词典     索取号:H366/117         预约/预借

序号 登录号 条形码 馆藏地/架位号 状态 备注
1 0047996   001302272   密集书库/ [索取号:H366/117] 在馆    
唐山师范学院图书馆 欢迎您!
大连网信软件有限公司© 版权所有